Statistics for Страны, начинающиеся на букву Т

Click here to take the quiz!

General Stats

  • This quiz has been taken 1 052 times
  • The average score is 6 of 11

Answer Stats

Страна% Correct
Турция
82%
Туркменистан
74%
Таджикистан
70%
Танзания
64%
Тунис
56%
Таиланд
52%
Того
52%
Тувалу
50%
Тонга
46%
Тайвань
45%
Тринидад и Тобаго
36%

Score Distribution

Percentile by Number Answered

Percent of People with Each Score

Your Score History

You have not taken this quiz